[Event "DVM U14 2022"]
[Site "Kelheim GER"]
[Date "2022.12.28"]
[Round "3"]
[White "Sreeramulu, Aarush"]
[Black "Maltsev, Mark"]
[Result "0-1"]
[Termination "normal"]
[Board "9.2"]
[WhiteElo "1526"]
[BlackElo "1428"]
[WhiteClock "00:25:50"]
[BlackClock "00:01:56"]
[WhiteTeam "SK Marburg 1931/72"]
[BlackTeam "SC Borussia Lichtenberg"]
[PlyCount "76"]
[WhiteFideId "34610685"]
[BlackFideId "34117806"]
[EventCountry "GER"]
[EventRounds "7"]
[EventType "team-swiss"]
[EventDate "2022.12.26"]

1. d4 {[%clk 01:30:59]} Nf6 {[%clk 01:30:57]} {[%emt 00:00:04]} 2. c4 {[%clk
01:31:16]} {[%emt 00:00:13]} e6 {[%clk 01:31:19]} {[%emt 00:00:07]} 3. Nc3
{[%clk 01:31:38]} {[%emt 00:00:08]} Bb4 {[%clk 01:31:44]} {[%emt 00:00:05]} 4.
Qc2 {[%clk 01:32:03]} {[%emt 00:00:06]} b6 {[%clk 01:31:10]} {[%emt 00:01:04]}
5. e3 {[%clk 01:30:27]} {[%emt 00:02:06]} Bb7 {[%clk 01:30:52]} {[%emt
00:00:48]} 6. Nf3 {[%clk 01:30:33]} {[%emt 00:00:24]} O-O {[%clk 01:23:36]}
{[%emt 00:07:46]} 7. Be2 {[%clk 01:28:44]} {[%emt 00:02:19]} Nc6 {[%clk
01:21:17]} {[%emt 00:02:48]} 8. O-O {[%clk 01:28:20]} {[%emt 00:00:54]} Bxc3
{[%clk 01:21:27]} {[%emt 00:00:20]} 9. bxc3 {[%clk 01:26:13]} {[%emt 00:02:37]}
d6 {[%clk 01:07:36]} {[%emt 00:14:21]} 10. Ba3 {[%clk 01:21:08]} {[%emt
00:05:35]} Ne7 {[%clk 01:03:07]} {[%emt 00:04:59]} 11. Rfd1 {[%clk 01:17:35]}
{[%emt 00:04:04]} Re8 {[%clk 00:53:01]} {[%emt 00:10:35]} 12. Rac1 {[%clk
01:15:58]} {[%emt 00:02:07]} Qc8 {[%clk 00:52:07]} {[%emt 00:01:24]} 13. h3
{[%clk 01:13:54]} {[%emt 00:02:35]} Ng6 {[%clk 00:48:12]} {[%emt 00:04:25]} 14.
c5 {[%clk 01:07:50]} {[%emt 00:06:34]} d5 {[%clk 00:48:21]} {[%emt 00:00:21]}
15. c4 {[%clk 01:07:37]} {[%emt 00:00:43]} h6 {[%clk 00:34:00]} {[%emt
00:14:51]} 16. Qd3 {[%clk 01:02:45]} {[%emt 00:05:22]} dxc4 {[%clk 00:32:32]}
{[%emt 00:01:57]} 17. Qxc4 {[%clk 01:02:41]} {[%emt 00:00:34]} Bd5 {[%clk
00:32:33]} {[%emt 00:00:30]} 18. Qc2 {[%clk 01:02:26]} {[%emt 00:00:44]} Be4
{[%clk 00:31:30]} {[%emt 00:01:32]} 19. Qb2 {[%clk 01:01:08]} {[%emt 00:01:50]}
Ne7 {[%clk 00:24:24]} {[%emt 00:07:35]} 20. Nd2 {[%clk 00:57:47]} {[%emt
00:03:52]} Bh7 {[%clk 00:22:17]} {[%emt 00:02:37]} 21. Bb5 {[%clk 00:55:49]}
{[%emt 00:02:27]} c6 {[%clk 00:19:48]} {[%emt 00:03:00]} 22. cxb6 {[%clk
00:49:16]} {[%emt 00:07:02]} Qd8 {[%clk 00:19:47]} {[%emt 00:00:30]} 23. Bxe7
{[%clk 00:48:36]} {[%emt 00:01:10]} Rxe7 {[%clk 00:19:37]} {[%emt 00:00:40]}
24. b7 {[%clk 00:47:33]} {[%emt 00:01:34]} Rxb7 {[%clk 00:19:33]} {[%emt
00:00:34]} 25. Rxc6 {[%clk 00:45:24]} {[%emt 00:02:39]} a6 {[%clk 00:19:07]}
{[%emt 00:00:56]} 26. a4 {[%clk 00:44:15]} {[%emt 00:01:39]} axb5 {[%clk
00:18:44]} {[%emt 00:00:53]} 27. axb5 {[%clk 00:44:23]} {[%emt 00:00:22]} Rab8
{[%clk 00:18:40]} {[%emt 00:00:34]} 28. Rc5 {[%clk 00:43:52]} {[%emt 00:01:01]}
Nd7 {[%clk 00:18:02]} {[%emt 00:01:08]} 29. Rc6 {[%clk 00:42:25]} {[%emt
00:01:57]} Rxb5 {[%clk 00:16:56]} {[%emt 00:01:36]} 30. Qc3 {[%clk 00:42:29]}
{[%emt 00:00:26]} Bg6 {[%clk 00:14:06]} {[%emt 00:03:20]} 31. Rc1 {[%clk
00:42:34]} {[%emt 00:00:25]} Nb6 {[%clk 00:09:51]} {[%emt 00:04:45]} 32. Qa3
{[%clk 00:41:03]} {[%emt 00:02:02]} Nc8 {[%clk 00:04:10]} {[%emt 00:06:10]} 33.
Qa6 {[%clk 00:30:29]} {[%emt 00:11:04]} Ne7 {[%clk 00:02:47]} {[%emt 00:01:53]}
34. Rc7 {[%clk 00:29:30]} {[%emt 00:01:30]} Rb2 {[%clk 00:02:10]} {[%emt
00:01:06]} 35. Nf3 {[%clk 00:26:47]} {[%emt 00:03:13]} Rb1 {[%clk 00:01:43]}
{[%emt 00:00:57]} 36. Qa7 {[%clk 00:26:03]} {[%emt 00:01:14]} Nc8 {[%clk
00:01:20]} {[%emt 00:00:53]} 37. Qc5 {[%clk 00:25:21]} {[%emt 00:01:12]} Rxc1
{[%clk 00:01:30]} {[%emt 00:00:19]} 38. Qxc1 {[%clk 00:25:50]} {[%emt
00:00:02]} Rb1 {[%clk 00:01:56]} {[%emt 00:00:05]} 0-1

[Event "DVM U14 2022"]
[Site "Kelheim GER"]
[Date "2022.12.28"]
[Round "3"]
[White "von Malotky, Mads"]
[Black "Dietrich, Fabian"]
[Result "1-0"]
[Termination "normal"]
[Board "9.3"]
[WhiteElo "1260"]
[BlackElo "1525"]
[WhiteClock "00:25:54"]
[BlackClock "00:47:22"]
[WhiteTeam "SC Borussia Lichtenberg"]
[BlackTeam "SK Marburg 1931/72"]
[PlyCount "57"]
[WhiteFideId "34626476"]
[BlackFideId "34640240"]
[EventCountry "GER"]
[EventRounds "7"]
[EventType "team-swiss"]
[EventDate "2022.12.26"]

1. e4 {[%clk 01:30:57]} {[%emt 00:00:02]} e5 {[%clk 01:30:59]} {[%emt
00:00:02]} 2. Nc3 {[%clk 01:31:20]} {[%emt 00:00:07]} Nc6 {[%clk 01:31:24]}
{[%emt 00:00:04]} 3. Bc4 {[%clk 01:31:36]} {[%emt 00:00:14]} Bc5 {[%clk
01:31:50]} {[%emt 00:00:05]} 4. Qg4 {[%clk 01:31:47]} {[%emt 00:00:19]} g6
{[%clk 01:27:36]} {[%emt 00:04:44]} 5. Qf3 {[%clk 01:32:03]} {[%emt 00:00:14]}
f6 {[%clk 01:23:50]} {[%emt 00:04:15]} 6. Nge2 {[%clk 01:31:21]} {[%emt
00:01:14]} d6 {[%clk 01:23:13]} {[%emt 00:01:07]} 7. d3 {[%clk 01:28:09]}
{[%emt 00:03:42]} h5 {[%clk 01:22:25]} {[%emt 00:01:17]} 8. h3 {[%clk
01:26:31]} {[%emt 00:02:08]} Nd4 {[%clk 01:19:38]} {[%emt 00:03:17]} 9. Nxd4
{[%clk 01:25:56]} {[%emt 00:01:06]} exd4 {[%clk 01:19:05]} {[%emt 00:01:02]}
10. Ne2 {[%clk 01:25:28]} {[%emt 00:00:58]} Qe7 {[%clk 01:17:08]} {[%emt
00:02:26]} 11. Nf4 {[%clk 01:23:03]} {[%emt 00:02:56]} Qg7 {[%clk 01:12:58]}
{[%emt 00:04:39]} 12. Bxg8 {[%clk 00:53:21]} {[%emt 00:30:14]} Rxg8 {[%clk
01:12:35]} {[%emt 00:00:51]} 13. Nd5 {[%clk 00:53:19]} {[%emt 00:00:33]} Rf8
{[%clk 01:12:32]} {[%emt 00:00:32]} 14. Bd2 {[%clk 00:49:59]} {[%emt 00:03:51]}
g5 {[%clk 01:11:33]} {[%emt 00:01:30]} 15. Qxh5 {[%clk 00:46:04]} {[%emt
00:04:24]} Rf7 {[%clk 01:09:47]} {[%emt 00:02:15]} 16. Nxc7 {[%clk 00:44:07]}
{[%emt 00:02:28]} Kd8 {[%clk 01:08:52]} {[%emt 00:01:26]} 17. Nxa8 {[%clk
00:44:16]} {[%emt 00:00:20]} Be6 {[%clk 01:07:44]} {[%emt 00:01:38]} 18. b4
{[%clk 00:43:48]} {[%emt 00:00:58]} Kc8 {[%clk 01:07:12]} {[%emt 00:01:02]} 19.
bxc5 {[%clk 00:43:23]} {[%emt 00:00:55]} dxc5 {[%clk 01:07:26]} {[%emt
00:00:16]} 20. Rb1 {[%clk 00:42:12]} {[%emt 00:01:41]} Bxa2 {[%clk 01:06:49]}
{[%emt 00:01:07]} 21. Rb2 {[%clk 00:41:33]} {[%emt 00:01:09]} Be6 {[%clk
01:06:22]} {[%emt 00:00:56]} 22. Nb6 {[%emt 00:01:07]} axb6 {[%clk 01:06:06]}
{[%emt 00:00:03]} 23. Rxb6 {[%clk 00:41:59]} {[%emt 00:00:10]} Re7 {[%clk
01:06:04]} {[%emt 00:00:33]} 24. O-O {[%clk 00:41:56]} {[%emt 00:00:34]} g4
{[%clk 01:04:37]} {[%emt 00:01:56]} 25. hxg4 {[%clk 00:31:01]} {[%emt
00:11:25]} Bxg4 {[%clk 01:04:29]} {[%emt 00:00:38]} 26. Qxc5 {[%clk 00:29:34]}
{[%emt 00:01:58]} Rc7 {[%clk 01:00:02]} {[%emt 00:04:55]} 27. Qd6 {[%clk
00:29:51]} {[%emt 00:00:14]} Bf3 {[%clk 00:50:19]} {[%emt 00:10:13]} 28. Qe6
{[%clk 00:26:37]} {[%emt 00:03:43]} Kb8 {[%clk 00:47:22]} {[%emt 00:03:27]} 29.
Qh3 {[%clk 00:25:54]} {[%emt 00:01:14]} 1-0

[Event "DVM U14 2022"]
[Site "Kelheim GER"]
[Date "2022.12.28"]
[Round "3"]
[White "Alkayas, Mohammad"]
[Black "Borchert, Yuri"]
[Result "1/2-1/2"]
[Termination "normal"]
[Board "9.4"]
[WhiteElo "1174"]
[BlackElo "1182"]
[WhiteClock "00:29:46"]
[BlackClock "00:52:08"]
[WhiteTeam "SK Marburg 1931/72"]
[BlackTeam "SC Borussia Lichtenberg"]
[PlyCount "94"]
[WhiteFideId "34608400"]
[BlackFideId "34626468"]
[EventCountry "GER"]
[EventRounds "7"]
[EventType "team-swiss"]
[EventDate "2022.12.26"]

1. e4 {[%clk 01:30:59]} {[%emt 00:00:01]} d6 {[%clk 01:30:50]} {[%emt
00:00:10]} 2. Nf3 {[%clk 01:31:15]} {[%emt 00:00:14]} Nf6 {[%clk 01:31:04]}
{[%emt 00:00:16]} 3. Nc3 {[%clk 01:31:38]} {[%emt 00:00:06]} g6 {[%clk
01:31:23]} {[%emt 00:00:12]} 4. d3 {[%clk 01:31:15]} {[%emt 00:00:53]} Bg7
{[%clk 01:30:51]} {[%emt 00:01:02]} 5. Be2 {[%clk 01:30:56]} {[%emt 00:00:49]}
Nbd7 {[%clk 01:30:32]} {[%emt 00:00:48]} 6. O-O {[%clk 01:30:45]} {[%emt
00:00:41]} O-O {[%clk 01:30:40]} {[%emt 00:00:23]} 7. d4 {[%clk 01:29:53]}
{[%emt 00:01:22]} b6 {[%clk 01:26:00]} {[%emt 00:05:10]} 8. Bd3 {[%clk
01:22:14]} {[%emt 00:08:09]} Bb7 {[%clk 01:20:19]} {[%emt 00:06:11]} 9. Re1
{[%clk 01:17:13]} {[%emt 00:05:31]} e5 {[%clk 01:12:30]} {[%emt 00:08:19]} 10.
dxe5 {[%clk 01:15:13]} {[%emt 00:02:30]} Nxe5 {[%clk 01:08:14]} {[%emt
00:04:45]} 11. Nxe5 {[%clk 01:14:51]} {[%emt 00:00:52]} dxe5 {[%clk 01:08:34]}
{[%emt 00:00:10]} 12. Qf3 {[%clk 01:13:24]} {[%emt 00:01:57]} c5 {[%clk
01:01:39]} {[%emt 00:07:24]} 13. Bg5 {[%clk 01:11:32]} {[%emt 00:02:24]} Qd6
{[%clk 00:59:24]} {[%emt 00:02:43]} 14. Bxf6 {[%clk 01:07:10]} {[%emt
00:04:54]} Bxf6 {[%clk 00:58:09]} {[%emt 00:01:41]} 15. Nd5 {[%clk 01:05:31]}
{[%emt 00:02:11]} Bxd5 {[%clk 00:55:38]} {[%emt 00:03:01]} 16. exd5 {[%clk
01:05:50]} {[%emt 00:00:11]} Bg7 {[%clk 00:53:29]} {[%emt 00:02:39]} 17. c3
{[%clk 00:43:30]} {[%emt 00:22:52]} Rfd8 {[%emt 00:05:28]} 18. Rad1 {[%clk
00:42:49]} f5 {[%clk 00:45:56]} {[%emt 00:04:14]} 19. Qe2 {[%clk 00:38:25]}
{[%emt 00:04:55]} Rab8 {[%emt 00:07:59]} 20. c4 {[%clk 00:35:08]} {[%emt
00:03:32]} e4 {[%clk 00:36:14]} {[%emt 00:02:57]} 21. Bb1 {[%clk 00:35:00]}
{[%emt 00:00:39]} Bd4 {[%clk 00:35:32]} {[%emt 00:01:09]} 22. g3 {[%clk
00:26:43]} {[%emt 00:08:50]} a6 {[%clk 00:31:03]} {[%emt 00:04:56]} 23. b3
{[%clk 00:26:06]} {[%emt 00:01:10]} b5 {[%clk 00:30:27]} {[%emt 00:01:07]} 24.
a3 {[%clk 00:18:13]} {[%emt 00:08:22]} bxc4 {[%clk 00:27:43]} {[%emt 00:03:14]}
25. bxc4 {[%clk 00:13:54]} {[%emt 00:04:49]} Rb2 {[%clk 00:27:26]} {[%emt
00:00:45]} 26. Rd2 {[%clk 00:13:46]} {[%emt 00:00:39]} Qb6 {[%clk 00:24:38]}
{[%emt 00:03:17]} 27. Rxb2 {[%clk 00:13:23]} {[%emt 00:00:54]} Qxb2 {[%clk
00:24:59]} {[%emt 00:00:10]} 28. Qxb2 {[%clk 00:13:48]} {[%emt 00:00:05]} Bxb2
{[%clk 00:25:18]} {[%emt 00:00:10]} 29. a4 {[%clk 00:14:13]} {[%emt 00:00:06]}
Kf7 {[%clk 00:24:49]} {[%emt 00:00:58]} 30. Kg2 {[%emt 00:00:39]} Rb8 {[%clk
00:24:30]} {[%emt 00:00:45]} 31. Re2 {[%clk 00:10:37]} {[%emt 00:04:00]} Bd4
{[%clk 00:24:36]} {[%emt 00:00:25]} 32. Ba2 {[%clk 00:03:21]} {[%emt 00:07:47]}
Rb4 {[%clk 00:24:59]} {[%emt 00:00:06]} 33. Re1 {[%clk 00:03:34]} {[%emt
00:00:18]} Rxa4 {[%clk 00:25:01]} {[%emt 00:00:28]} 34. Bb3 {[%clk 00:03:24]}
{[%emt 00:00:40]} Rb4 {[%clk 00:25:23]} {[%emt 00:00:07]} 35. Rb1 {[%clk
00:03:44]} {[%emt 00:00:11]} a5 {[%clk 00:25:39]} {[%emt 00:00:14]} 36. Ba2
{[%clk 00:03:10]} {[%emt 00:01:03]} Rxb1 {[%clk 00:25:25]} {[%emt 00:00:44]}
37. Bxb1 {[%clk 00:03:34]} {[%emt 00:00:07]} Ke7 {[%clk 00:25:49]} {[%emt
00:00:06]} 38. Bc2 {[%clk 00:03:31]} {[%emt 00:00:33]} Kd6 {[%clk 00:25:24]}
{[%emt 00:00:55]} 39. f4 {[%clk 00:02:57]} {[%emt 00:01:03]} exf3 {[%clk
00:25:32]} {[%emt 00:00:22]} 40. Kxf3 {[%clk 00:03:13]} {[%emt 00:00:15]} Ke5
{[%clk 00:25:29]} {[%emt 00:00:33]} 41. h3 {[%clk 00:02:45]} {[%emt 00:00:59]}
h5 {[%clk 00:25:20]} {[%emt 00:00:39]} 42. g4 {[%clk 00:01:18]} {[%emt
00:01:57]} hxg4 {[%clk 00:23:16]} {[%emt 00:02:34]} 43. hxg4 {[%clk 00:01:04]}
{[%emt 00:00:44]} fxg4 {[%clk 00:22:58]} {[%emt 00:00:48]} 44. Kxg4 {[%clk
00:01:27]} {[%emt 00:00:07]} Kf6 {[%clk 00:23:05]} {[%emt 00:00:22]} 45. Ba4
{[%clk 00:00:58]} {[%emt 00:00:59]} g5 {[%clk 00:22:04]} {[%emt 00:01:31]} 46.
d6 {[%clk 00:29:53]} {[%emt 00:01:36]} Be3 {[%clk 00:51:50]} {[%emt 00:00:43]}
47. d7 {[%clk 00:29:46]} {[%emt 00:00:38]} Ke7 {[%clk 00:52:08]} {[%emt
00:00:11]} 1/2-1/2

[Event "DVM U14 2022"]
[Site "Kelheim GER"]
[Date "2022.12.28"]
[Round "3"]
[White "Melestean, Maxim"]
[Black "Schneble, Milan"]
[Result "1-0"]
[Termination "normal"]
[Board "10.1"]
[WhiteElo "1315"]
[BlackElo "1521"]
[WhiteClock "00:52:36"]
[BlackClock "01:04:48"]
[WhiteTeam "Schachklub König Plauen"]
[BlackTeam "SF Birkenfeld"]
[PlyCount "43"]
[WhiteFideId "16280393"]
[BlackFideId "16266102"]
[EventCountry "GER"]
[EventRounds "7"]
[EventType "team-swiss"]
[EventDate "2022.12.26"]

1. d4 {[%clk 01:30:58]} {[%emt 00:00:02]} d6 {[%clk 01:30:57]} {[%emt
00:00:04]} 2. c4 {[%clk 01:31:23]} {[%emt 00:00:05]} Nf6 {[%clk 01:31:22]}
{[%emt 00:00:05]} 3. Nf3 {[%clk 01:31:46]} {[%emt 00:00:07]} g6 {[%clk
01:31:38]} {[%emt 00:00:14]} 4. g3 {[%clk 01:32:05]} {[%emt 00:00:10]} Bg7
{[%clk 01:31:52]} {[%emt 00:00:15]} 5. Bg2 {[%clk 01:32:29]} {[%emt 00:00:07]}
O-O {[%clk 01:32:11]} {[%emt 00:00:12]} 6. O-O {[%clk 01:32:54]} {[%emt
00:00:05]} Bg4 {[%clk 01:31:00]} {[%emt 00:01:40]} 7. Nc3 {[%clk 01:31:49]}
{[%emt 00:01:35]} Nc6 {[%clk 01:30:50]} {[%emt 00:00:40]} 8. h3 {[%clk
01:31:17]} {[%emt 00:01:02]} Bf5 {[%clk 01:28:50]} {[%emt 00:02:30]} 9. Re1
{[%clk 01:31:17]} {[%emt 00:00:30]} e5 {[%clk 01:27:13]} {[%emt 00:02:08]} 10.
dxe5 {[%clk 01:23:07]} {[%emt 00:08:40]} dxe5 {[%clk 01:27:37]} {[%emt
00:00:06]} 11. Be3 {[%clk 01:23:30]} {[%emt 00:00:06]} Be6 {[%clk 01:23:19]}
{[%emt 00:04:49]} 12. Nd2 {[%clk 01:16:40]} {[%emt 00:07:20]} Qd7 {[%clk
01:22:10]} {[%emt 00:01:41]} 13. Kh2 {[%clk 01:15:50]} {[%emt 00:01:18]} Rad8
{[%clk 01:17:07]} {[%emt 00:05:33]} 14. Qa4 {[%clk 01:05:14]} {[%emt 00:11:05]}
Nd4 {[%clk 01:14:01]} {[%emt 00:03:36]} 15. Qxd7 {[%clk 01:05:13]} {[%emt
00:00:31]} Rxd7 {[%clk 01:14:23]} {[%emt 00:00:08]} 16. Rac1 {[%clk 01:05:36]}
{[%emt 00:00:07]} c5 {[%clk 01:13:46]} {[%emt 00:01:07]} 17. Nce4 {[%clk
00:59:12]} {[%emt 00:06:54]} Nxe4 {[%clk 01:11:14]} {[%emt 00:03:02]} 18. Nxe4
{[%clk 00:59:26]} {[%emt 00:00:16]} b6 {[%clk 01:11:39]} {[%emt 00:00:05]} 19.
Ng5 {[%clk 00:58:31]} {[%emt 00:01:24]} f5 {[%clk 01:06:40]} {[%emt 00:05:30]}
20. Bxd4 {[%clk 00:58:39]} {[%emt 00:00:22]} Bh6 {[%clk 01:05:34]} {[%emt
00:01:36]} 21. Nxe6 {[%clk 00:54:19]} {[%emt 00:04:50]} Re8 {[%clk 01:04:48]}
{[%emt 00:01:17]} 22. Bc6 {[%clk 00:52:36]} {[%emt 00:02:12]} 1-0

[Event "DVM U14 2022"]
[Site "Kelheim GER"]
[Date "2022.12.28"]
[Round "3"]
[White "Ehrlich, Patrick"]
[Black "Akladius, Kyrillus"]
[Result "0-1"]
[Termination "normal"]
[Board "10.2"]
[WhiteElo "1522"]
[BlackElo "1245"]
[WhiteClock "00:07:39"]
[BlackClock "00:41:27"]
[WhiteTeam "SF Birkenfeld"]
[BlackTeam "Schachklub König Plauen"]
[PlyCount "131"]
[WhiteFideId "34604316"]
[BlackFideId "16267036"]
[EventCountry "GER"]
[EventRounds "7"]
[EventType "team-swiss"]
[EventDate "2022.12.26"]

1. d4 {[%clk 01:30:57]} {[%emt 00:00:02]} f5 {[%clk 01:30:55]} {[%emt
00:00:04]} 2. e4 {[%clk 01:31:14]} {[%emt 00:00:14]} fxe4 {[%clk 01:31:19]}
{[%emt 00:00:06]} 3. Nc3 {[%clk 01:31:41]} {[%emt 00:00:03]} Nf6 {[%clk
01:31:35]} {[%emt 00:00:14]} 4. f3 {[%clk 01:32:03]} {[%emt 00:00:07]} e3
{[%clk 01:31:12]} {[%emt 00:00:53]} 5. Bxe3 {[%clk 01:32:27]} {[%emt 00:00:06]}
e6 {[%clk 01:31:39]} {[%emt 00:00:04]} 6. Bd3 {[%clk 01:32:39]} {[%emt
00:00:18]} Be7 {[%clk 01:30:41]} {[%emt 00:01:28]} 7. Nge2 {[%clk 01:32:52]}
{[%emt 00:00:17]} Nc6 {[%clk 01:28:27]} {[%emt 00:02:45]} 8. O-O {[%clk
01:32:40]} {[%emt 00:00:41]} O-O {[%clk 01:27:26]} {[%emt 00:01:31]} 9. a3
{[%clk 01:30:11]} {[%emt 00:02:59]} Qe8 {[%clk 01:24:53]} {[%emt 00:03:03]} 10.
Qd2 {[%clk 01:27:05]} {[%emt 00:03:36]} b6 {[%clk 01:23:01]} {[%emt 00:02:23]}
11. Ng3 {[%clk 01:24:51]} {[%emt 00:02:42]} Bb7 {[%clk 01:15:33]} {[%emt
00:07:59]} 12. Nce4 {[%clk 01:21:49]} {[%emt 00:03:32]} Nd5 {[%clk 01:00:41]}
{[%emt 00:15:22]} 13. Bg5 {[%clk 01:20:01]} {[%emt 00:02:17]} Nxd4 {[%clk
00:53:27]} {[%emt 00:07:45]} 14. Bxe7 {[%clk 01:19:01]} {[%emt 00:01:30]} Qxe7
{[%clk 00:53:11]} {[%emt 00:00:47]} 15. Ng5 {[%clk 01:19:17]} {[%emt 00:00:14]}
h6 {[%clk 00:48:09]} {[%emt 00:05:32]} 16. Bh7 {[%clk 01:17:16]} {[%emt
00:02:30]} Kh8 {[%clk 00:48:13]} {[%emt 00:00:25]} 17. Qxd4 {[%clk 01:17:30]}
{[%emt 00:00:16]} Qxg5 {[%clk 00:48:33]} {[%emt 00:00:10]} 18. Be4 {[%clk
01:16:15]} {[%emt 00:01:44]} Rab8 {[%clk 00:48:14]} {[%emt 00:00:51]} 19. c4
{[%clk 01:13:16]} {[%emt 00:03:29]} Qe3 {[%clk 00:47:07]} {[%emt 00:01:36]} 20.
Qxe3 {[%clk 01:12:31]} {[%emt 00:01:16]} Nxe3 {[%clk 00:47:25]} {[%emt
00:00:12]} 21. Rf2 {[%clk 01:05:54]} {[%emt 00:07:05]} Bxe4 {[%clk 00:47:32]}
{[%emt 00:00:24]} 22. Nxe4 {[%clk 01:06:14]} {[%emt 00:00:10]} Nxc4 {[%clk
00:47:55]} {[%emt 00:00:07]} 23. Rc1 {[%clk 01:06:23]} {[%emt 00:00:22]} d5
{[%clk 00:47:44]} {[%emt 00:00:41]} 24. Rfc2 {[%clk 01:04:13]} {[%emt
00:02:39]} c5 {[%clk 00:45:10]} {[%emt 00:03:05]} 25. Ng3 {[%clk 01:01:07]}
{[%emt 00:03:34]} Ne3 {[%clk 00:42:07]} {[%emt 00:03:34]} 26. Rc3 {[%clk
00:56:44]} {[%emt 00:04:53]} d4 {[%clk 00:41:41]} {[%emt 00:00:56]} 27. Rd3
{[%clk 00:57:04]} {[%emt 00:00:11]} Rbd8 {[%clk 00:39:57]} {[%emt 00:02:14]}
28. b3 {[%clk 00:57:05]} {[%emt 00:00:29]} Rd5 {[%clk 00:38:10]} {[%emt
00:02:16]} 29. Ne4 {[%clk 00:54:52]} {[%emt 00:02:43]} Rc8 {[%clk 00:37:19]}
{[%emt 00:01:19]} 30. Kf2 {[%clk 00:42:00]} {[%emt 00:13:25]} b5 {[%clk
00:30:34]} {[%emt 00:07:15]} 31. Ng3 {[%clk 00:36:39]} {[%emt 00:05:50]} c4
{[%clk 00:28:12]} {[%emt 00:02:53]} 32. Rd2 {[%clk 00:36:34]} {[%emt 00:00:34]}
c3 {[%clk 00:27:15]} {[%emt 00:01:27]} 33. Rd3 {[%clk 00:35:52]} {[%emt
00:01:13]} c2 {[%clk 00:26:54]} {[%emt 00:00:51]} 34. Ne2 {[%clk 00:28:54]}
{[%emt 00:07:28]} Nd1 {[%clk 00:25:34]} {[%emt 00:01:50]} 35. Ke1 {[%clk
00:27:41]} {[%emt 00:01:42]} Nb2 {[%clk 00:25:54]} {[%emt 00:00:10]} 36. Rd2
{[%clk 00:25:51]} {[%emt 00:02:17]} d3 {[%clk 00:26:04]} {[%emt 00:00:24]} 37.
Nf4 {[%clk 00:25:31]} {[%emt 00:00:50]} Re5 {[%clk 00:26:24]} {[%emt 00:00:10]}
38. Kf2 {[%clk 00:25:29]} {[%emt 00:00:29]} Rc3 {[%clk 00:26:20]} {[%emt
00:00:36]} 39. Ng6 {[%clk 00:25:47]} {[%emt 00:00:13]} Kg8 {[%clk 00:26:31]}
{[%emt 00:00:18]} 40. Nxe5 {[%clk 00:26:10]} {[%emt 00:00:08]} Rxb3 {[%clk
00:26:46]} {[%emt 00:00:15]} 41. Ke3 {[%clk 00:22:39]} {[%emt 00:04:01]} Nc4
{[%clk 00:25:15]} {[%emt 00:02:00]} 42. Nxc4 {[%clk 00:22:52]} {[%emt
00:00:18]} bxc4 {[%clk 00:25:41]} {[%emt 00:00:04]} 43. Rf2 {[%clk 00:22:18]}
{[%emt 00:01:03]} e5 {[%clk 00:21:47]} {[%emt 00:04:24]} 44. f4 {[%clk
00:18:34]} {[%emt 00:04:14]} Rb1 {[%clk 00:21:39]} {[%emt 00:00:38]} 45. Rff1
{[%clk 00:18:50]} {[%emt 00:00:15]} exf4 {[%clk 00:22:06]} {[%emt 00:00:03]}
46. Kd2 {[%clk 00:18:19]} {[%emt 00:01:01]} Rb3 {[%clk 00:20:15]} {[%emt
00:02:20]} 47. Ra1 {[%clk 00:16:41]} {[%emt 00:02:09]} g5 {[%clk 00:20:29]}
{[%emt 00:00:16]} 48. g3 {[%clk 00:13:47]} {[%emt 00:03:24]} fxg3 {[%clk
00:20:47]} {[%emt 00:00:11]} 49. hxg3 {[%clk 00:14:12]} {[%emt 00:00:05]} Kg7
{[%clk 00:20:41]} {[%emt 00:00:37]} 50. Rf5 {[%clk 00:13:25]} {[%emt 00:01:17]}
Rb1 {[%clk 00:20:45]} {[%emt 00:00:26]} 51. Rf1 {[%clk 00:13:38]} {[%emt
00:00:17]} Rb3 {[%clk 00:20:57]} {[%emt 00:00:17]} 52. Ke3 {[%clk 00:12:41]}
{[%emt 00:01:27]} Kg6 {[%clk 00:19:45]} {[%emt 00:01:42]} 53. Rfc1 {[%clk
00:10:19]} {[%emt 00:02:53]} Kf5 {[%clk 00:19:46]} {[%emt 00:00:29]} 54. Kd4
{[%clk 00:10:24]} {[%emt 00:00:25]} d2 {[%clk 00:19:24]} {[%emt 00:00:52]} 55.
Rxc2 {[%clk 00:01:07]} {[%emt 00:09:47]} Rd3 {[%clk 00:19:41]} {[%emt
00:00:12]} 56. Kxc4 {[%clk 00:01:29]} {[%emt 00:00:09]} d1=Q {[%clk 00:20:05]}
{[%emt 00:00:06]} 57. Rxd1 {[%clk 00:01:43]} Rxd1 {[%clk 00:20:31]} {[%emt
00:00:20]} 58. Kb5 {[%clk 00:29:48]} {[%emt 00:02:25]} Rd3 {[%clk 00:50:35]}
{[%emt 00:00:25]} 59. a4 {[%clk 00:28:32]} {[%emt 00:01:47]} Ra3 {[%clk
00:49:09]} {[%emt 00:01:55]} 60. a5 {[%clk 00:27:46]} {[%emt 00:01:17]} Kg4
{[%clk 00:47:55]} {[%emt 00:01:44]} 61. Rc7 {[%clk 00:20:55]} {[%emt 00:07:21]}
h5 {[%clk 00:42:59]} {[%emt 00:05:25]} 62. Rg7 {[%clk 00:12:33]} {[%emt
00:08:52]} Rxg3 {[%clk 00:41:49]} {[%emt 00:01:41]} 63. Rxa7 {[%clk 00:12:27]}
{[%emt 00:00:36]} Ra3 {[%clk 00:42:12]} {[%emt 00:00:07]} 64. a6 {[%clk
00:09:56]} {[%emt 00:03:01]} h4 {[%clk 00:41:51]} {[%emt 00:00:50]} 65. Rd7
{[%clk 00:07:39]} {[%emt 00:02:47]} h3 {[%clk 00:41:27]} {[%emt 00:00:55]} 66.
Kc5 {[%emt 00:07:55]} 0-1